Report on secondary and higher education in Essex / (Record no. 19671)

MARC details
000 -LEADER
fixed length control field 00877cam a22002531a 4500
001 - CONTROL NUMBER
control field e 14001051
003 - CONTROL NUMBER IDENTIFIER
control field DLC
005 - DATE AND TIME OF LATEST TRANSACTION
control field 20260227111201.0
008 - FIXED-LENGTH DATA ELEMENTS--GENERAL INFORMATION
fixed length control field 891127s1906 enkab 000 0 eng
010 ## - LIBRARY OF CONGRESS CONTROL NUMBER
LC control number e 14001051
035 ## - SYSTEM CONTROL NUMBER
System control number (OCoLC)21007926
040 ## - CATALOGING SOURCE
Original cataloging agency DLC
Transcribing agency NAlU
Modifying agency Nc
-- DLC
042 ## - AUTHENTICATION CODE
Authentication code premarc
043 ## - GEOGRAPHIC AREA CODE
Geographic area code e-uk-en
050 00 - LIBRARY OF CONGRESS CALL NUMBER
Classification number LA638.E8
Item number S3
100 1# - MAIN ENTRY--PERSONAL NAME
Personal name Sadler, Michael,
Titles and words associated with a name Sir,
Dates associated with a name 1861-1943.
245 10 - TITLE STATEMENT
Title Report on secondary and higher education in Essex /
Statement of responsibility, etc. by Michael E. Sadler ...
260 ## - PUBLICATION, DISTRIBUTION, ETC.
Place of publication, distribution, etc. Chelmsford :
Name of publisher, distributor, etc. J. H. Nicholas,
Date of publication, distribution, etc. 1906.
300 ## - PHYSICAL DESCRIPTION
Extent 1 p.l., ii-v, 418, v, xxiii-liv p. :
Other physical details fold. front., diagrs., maps (part fold.) ;
Dimensions 25 cm.
500 ## - GENERAL NOTE
General note At head of title: Administrative county of Essex. Education committee.
650 #0 - SUBJECT ADDED ENTRY--TOPICAL TERM
Topical term or geographic name entry element Education, Secondary.
650 #0 - SUBJECT ADDED ENTRY--TOPICAL TERM
Topical term or geographic name entry element Education
Geographic subdivision England
-- Essex.
710 1# - ADDED ENTRY--CORPORATE NAME
Corporate name or jurisdiction name as entry element Essex (England).
Subordinate unit Education Committee.

No items available.

Powered by Koha